| 000 | 00673nam a22002177a 4500 | ||
|---|---|---|---|
| 005 | 20240518084450.0 | ||
| 008 | 240518b |||||||| |||| 00| 0 eng d | ||
| 020 | _a9789393864192 | ||
| 040 |
_aIN-DiNC _cIN-DiNC |
||
| 041 | _deng | ||
| 082 |
_a379.54 _bNAT |
||
| 245 |
_aNational Education Policy 2020 and its challenges/ _ced. by Apratim Nag, Banajit Sharma and Buddhadev Basumatary |
||
| 260 |
_aGuwahati: _bAssam College Teachers Association, _c2022. |
||
| 300 | _a244p. | ||
| 650 | _aEducation policy | ||
| 650 | _aNEP 2020 | ||
| 700 |
_aNag, Apratim _eEditor |
||
| 700 |
_aSharma, Banajit _eEditor |
||
| 700 |
_aBasumatary, Buddhadev _eEditor |
||
| 942 |
_2ddc _cBK |
||
| 999 |
_c11825 _d11825 |
||